Statistiken für Allahs 99 Namen

Klicken Sie hier um das Quiz zu spielen!

Allgemein

  • Dieses Quiz wurde 130 mal gespielt
  • Das Durchschnittsergebnis liegt bei 22 aus 99

Antwortstatistiken

DeutschArabisch% Korrekt
Der HöchsteAl-Ali
83%
Der BarmherzigeAr-Rahman
83%
Der BarmherzigsteAr-Rahim
80%
Der KönigAl-Malik
60%
Der AllmächtigeAl-Aziz
58%
Der AllwissendeAl-`Alim
55%
Der AllerheiligsteAl-Quddus
53%
Die Quelle des FriedensAs-Salam
53%
Der Wächter des GlaubensAl-Mu’min
45%
Der WeiseAl-Hakim
43%
Der AllhörendeAs-Sami`
43%
Der BeschützerAl-Muhaymin
40%
Das LichtAn-Nur
40%
Der NachsichtigeAl-Halim
38%
Der ZeugeAsch-Schahid
38%
Der GeduldigeAs-Sabur
38%
Der Schöpfer der OrdnungAl-Bari
35%
Der VergebendeAl-Ghaffar
35%
Der VergebendeAl-Ghafur
35%
Die WahrheitAl-Haqq
35%
Der BezwingerAl-Jabbar
35%
Der SchöpferAl-Khaliq
35%
Der GroßartigeAl-Azim
33%
Der EröffnerAl-Fattah
33%
Der SubtileAl-Latif
33%
Der GroßzügigeAl-Karim
30%
Der FähigeAl-Qadir
30%
Der ErleichtererAl-Basit
28%
Der Gestalter der SchönheitAl-Musawwir
28%
Der UnterwerfendeAl-Qahhar
28%
Der Geber von allemAl-Wahhab
28%
Der EwigeAs-Samad
28%
Der AllsehendeAl-Basir
25%
Der BeschützerAl-Hafiz
25%
Der RichterAl-Hakam
25%
Der beschützende FreundAl-Wali
25%
Der ErhalterAr-Razzaq
25%
Der GeprieseneAl-Hamid
23%
Der MajestätischeAl-Mutakabbir
23%
Der EinzigartigeAl-Wahid
23%
Der GerechteAl-`Adl
20%
Der EineAl-Ahad
20%
Der GrößteAl-Kabir
20%
Der Verleiher von EhrungenAl-Mu’izz
20%
Der LiebendeAl-Wadud
20%
Der DankbareAsh-Shakur
20%
Der Besitzer von allemMalik al-Mulk
20%
Der ErsteAl-Awwal
18%
Der EwigeAl-Baqi
18%
Der MächtigeAl-Jalil
18%
Der EinschnürendeAl-Qabid
18%
Der Herr der Majestät und der FreigebigkeitDhu al-Jalal wa al-Ikram
18%
Der AllwissendeAl-Khabir
15%
Der ErniedrigendeAl-Khafid
15%
Der SelbstexistierendeAl-Qayyum
15%
Der ErhabeneAr-Rafi`
15%
Der LetzteAl-Akhir
13%
Der AufersteherAl-Ba’ith
13%
Der FührerAl-Hadi
13%
Der EwiglebendeAl-Hayy
13%
der VersammelndeAl-Jami`
13%
Der RuhmreicheAl-Majid
13%
Der MajestätischeAl-Majid
13%
Der GebetserhörendeAl-Mujib
13%
Der TreuhänderAl-Wakil
13%
Der rechtschaffene LehrerAr-Rashid
13%
Der Führer zur ReueAt-Tawwab
13%
Der Schöpfer des SchädlichenAd-Darr
10%
Der Reiche, Der UnabhängigeAl-Ghani
10%
Der RechenschaftspflichtigeAl-Hasib
10%
Der ErniedrigerAl-Mudhill
10%
Der WiederherstellerAl-Mu’id
10%
Der ErnährerAl-Muqit
10%
Der Hilfreiche, Der Schöpfer des GutenAn-Nafi`
10%
Der WachsameAr-Raqib
10%
Der MitleidsvolleAr-Ra’uf
10%
Der ManifesteAz-Zahir
10%
Der UnvergleichlicheAl-Badi
8%
Der BefreiendeAl-Mughni
8%
Der Nehmer des LebensAl-Mumit
8%
Der MächtigeAl-Muqtadir
8%
Der ErhabeneAl-Muta’ali
8%
Der StarkeAl-Qawiyy
8%
Der AllwissendeAl-Wasi`
8%
Der VergebendeAl-‚Afuww
5%
Der Handelnde des GutenAl-Barr
5%
Der VerborgeneAl-Batin
5%
der Schützer, Der Verhinderer von SchadenAl-Mani`
5%
Der KraftvolleAl-Matin
5%
Der VerzögererAl-Mu’akhkhir
5%
Der UrheberAl-Mubdi‘
5%
Der BewerterAl-Muhsi
5%
Der FinderAl-Wajid
5%
Der beschützende FreundAl-Waliyy
5%
Der Erbe von allemAl-Warith
5%
Der Spender des LebensAl-Muhyi
3%
Der RächerAl-Muntaqim
3%
Der VorwärtsbringerAl-Muqaddim
3%
Der GerechteAl-Muqsit
3%

Verteilung der Resultate

Perzentil nach korrekt beantworteten Fragen

Anzahl Personen mit jedem Resultat

Ihre Resultats-Entwicklung

Sie haben dieses Quiz noch nicht gespielt